Dios y el adolescente / (Record no. 27818)

MARC details
000 -LEADER
campo de control de longitud fija 00660nam a2200205 i 4500
001 - NÚMERO DE CONTROL
campo de control 27818
003 - IDENTIFICADOR DE NÚMERO DE CONTROL
campo de control ES-MaACL
005 - FECHA Y HORA DE LA ÚLTIMA TRANSACCIÓN
campo de control 20250929063056.0
007 - CAMPO FIJO DE DESCRIPCIÓN FÍSICA--INFORMACIÓN GENERAL
campo de control de longitud fija t|
008 - DATOS DE LONGITUD FIJA--INFORMACIÓN GENERAL
campo de control de longitud fija 030115s1965 sp ||||1| spa d
100 1# - ENTRADA PRINCIPAL--NOMBRE DE PERSONA
Nombre de persona Babin, Pierre,
Fechas asociadas al nombre 1925-2012
9 (RLIN) 24418
245 10 - MENCIÓN DEL TÍTULO
Título Dios y el adolescente /
Mención de responsabilidad, etc. Pierre Babin ; [traducción castellana de Enrique Martí].
260 ## - PUBLICACIÓN, DISTRIBUCIÓN, ETC.
Lugar de publicación, distribución, etc. Barcelona :
Nombre del editor, distribuidor, etc. Herder,
Fecha de publicación, distribución, etc. 1965.
300 ## - DESCRIPCIÓN FÍSICA
Extensión 307 p. ;
Dimensiones 20 cm.
650 #4 - PUNTO DE ACCESO ADICIONAL DE MATERIA--TÉRMINO DE MATERIA
Término de materia o nombre geográfico como elemento de entrada Adolescentes-
Subdivisión general Vida religiosa.
9 (RLIN) 160510
650 #4 - PUNTO DE ACCESO ADICIONAL DE MATERIA--TÉRMINO DE MATERIA
Término de materia o nombre geográfico como elemento de entrada Vida cristiana-
Subdivisión general Iglesia Católica.
9 (RLIN) 156102
700 1# - ENTRADA AGREGADA--NOMBRE PERSONAL
Nombre de persona Martí, Enrique.
9 (RLIN) 77183
852 ## - LOCALIZACIÓN
Ubicación ES-MaACL
Número de control de estantería C-29393
Sublocalización o colección R.58339
Holdings
Estatus retirado Estado de pérdida Estado de daño No para préstamo Biblioteca de origen Biblioteca actual Ubicación en estantería Fecha de adquisición Fuente de adquisición Total de préstamos Signatura topográfica completa Código de barras Visto por última vez Precio de reemplazo Tipo de ítem Koha
        Biblioteca del Ateneo de Madrid Biblioteca del Ateneo de Madrid Depósito 2 17/01/2008     C-29393 1028724 23/02/2023 23/02/2023 Libro impreso